|
|
|
|
| LEADER |
00759nab a2200181 i 4500 |
| 001 |
misc13108 |
| 005 |
20191106141508.0 |
| 008 |
170607s1980 hu o 0|| hun d |
| 022 |
|
|
|a 0025-0260
|
| 040 |
|
|
|a SZTE Miscellanea Repozitórium
|b hun
|
| 041 |
|
|
|a hun
|
| 100 |
1 |
|
|a Szoboszlay Miklós
|
| 245 |
1 |
3 |
|a Az oktatás-nevelés korszerűsítésének problémái a Jednotá Skolá-ban
|h [elektronikus dokumentum] /
|c Szoboszlay Miklós
|
| 260 |
|
|
|c 1980
|
| 300 |
|
|
|a 463-469
|
| 490 |
0 |
|
|a Magyar pedagógia : a Magyar Tudományos Akadémia Pedagógiai Bizottságának folyóirata
|v 80 No. 4
|
| 695 |
|
|
|a Pedagógiai szakirodalom szlovák szemle 1980, Külföldi folyóiratok
|
| 856 |
4 |
0 |
|u http://misc.bibl.u-szeged.hu/13108/1/mp_1980_004_5526_463-469.pdf
|z Dokumentum-elérés
|